| 000 | 00535nam a22001937a 4500 | ||
|---|---|---|---|
| 003 | MPLRDC | ||
| 005 | 20220104192316.0 | ||
| 008 | 210129b ||||| |||| 00| 0 eng d | ||
| 020 | _a978-986-185-554-7 | ||
| 082 | _a861.57 XCCJ | ||
| 100 | _a夏川草介 | ||
| 245 |
_a神的病历簿 _c刘子倩 译 |
||
| 250 | _a初版 | ||
| 260 |
_a台湾 _b英属维京群岛商高宝国际有限公司台湾分公司 _c2011 |
||
| 300 | _b平 | ||
| 490 | _a文学新象: TN170 | ||
| 650 | _a日本文学--小说 | ||
| 942 |
_cBK _o861.57 XCCJ |
||
| 999 |
_c64655 _d64645 |
||